JR東海道線 東日本区間 駅埋め - Statistics

General Stats
  • This quiz has been taken 9 times
  • The average score is 16 of 21
Answer Stats
Hint Answer % Correct
千代田区 東京
100%
港区 品川
100%
川崎市 川崎
100%
小田原市 小田原
100%
熱海市 熱海
100%
港区 新橋
89%
横浜市 横浜
89%
鎌倉市 大船
89%
藤沢市 藤沢
89%
平塚市 平塚
89%
大磯町 大磯
89%
横浜市 戸塚
78%
真鶴町 真鶴
78%
湯河原町 湯河原
78%
二宮町 二宮
67%
小田原市 国府津
67%
小田原市 鴨宮
56%
藤沢市 辻堂
44%
茅ヶ崎市 茅ケ崎
44%
小田原市 根府川
44%
小田原市 早川
33%
No matching quizzes found
Score Distribution
Percent of People with Each Score
Percentile by Number Answered
Your Score History
You have not taken this quiz